00313nam a2200121Ia 4500008004100000041000800041082001200049100002300061245002500084260003800109300003300147365001100180240624s9999 xx 000 0 und d aeng a658 PAL aPALERI PRABHAKARAN aBUSINESS ENVIRONMENT c2014aNew DelhibCengage Learning axviii, : 516 : p. : cm. ; 26 cRSb31